|
|
|
|
| LEADER |
01005nam a22002772a 4500 |
| 001 |
001414896 |
| 003 |
CZ BrMZK |
| 005 |
20140825120705.0 |
| 007 |
ta |
| 008 |
140825s1960 xo er|||||||||||hun d |
| 040 |
|
|
|a BOA001
|b cze
|
| 041 |
1 |
|
|a hun
|h cze
|
| 100 |
1 |
|
|a Kotal, Václav
|7 jx20040902019
|4 aut
|
| 245 |
1 |
0 |
|a Állattenyésztés :
|b gazdasági nagyállatok tenyésztése /
|c Václav Kotal, Alexander Jukl ; fordította E. Tomášiková
|
| 250 |
|
|
|a 2. kiad.
|
| 260 |
|
|
|a Bratislava :
|b Slovenské vydavateľstvo pôdohospodárskej literatúry,
|c 1960
|
| 300 |
|
|
|a 309 s.
|
| 490 |
1 |
|
|a Mezogazdasági tankönyvek ;
|v 365 s.
|
| 500 |
|
|
|a Přeloženo z češtiny
|
| 700 |
1 |
|
|a Jukl, Alexander
|7 jx20041014025
|4 aut
|
| 765 |
0 |
|
|t Chov zvířat. Velká hospodářská zvířata
|9 Maďarsky
|
| 830 |
|
0 |
|a Mezogazdasági tankönyvek
|
| 910 |
|
|
|a BOA001
|b 2-0402.431-60
|
| 990 |
|
|
|a BK
|
| 991 |
|
|
|b 201408
|
| 996 |
7 |
|
|b 2619128328
|c 2-0402.431-60
|l MZK
|r Sklad / do 24 hodin
|n 0
|w 001449970
|u 000010
|a 1
|e BOA001
|j MZK50
|s A
|